| 000 | 01744nam0a2200325 4500 | ||
|---|---|---|---|
| 001 | RU\NLR\bibl\1287973 | ||
| 005 | 20260409071740.0 | ||
| 010 |
_a978-5-94338-344-1 _990 |
||
| 021 |
_aRU _b2008-68490 _93916 |
||
| 035 | _a(NLR Aleph) 001273676 | ||
| 090 |
_a455022 _c455022 |
||
| 100 | _a20081024d2008 |||y0rusy50 ca | ||
| 101 | 0 |
_arus _aeng |
|
| 102 | _aRU | ||
| 105 | _aa z ||||| | ||
| 200 | 1 |
_aИнформационно-вычислительные технологии и их приложения _eсборник статей VIII Международной научно-технической конференции, июнь 2008 г. _f[под общ. ред. д.х.н., проф. А.Н. Кошева] |
|
| 210 |
_aПенза _cРИО ПГСХА _d2008 |
||
| 215 |
_a261 с. _cил. _d21 |
||
| 300 | _aВ надзаг.: М-во образования и науки РФ, Акад. информатизации образования РФ, Омс. фил. Ин-та математики им. С.Л. Соболева СО РАН [и др.] | ||
| 300 | _aТекст частично на англ. яз. | ||
| 320 | _aБиблиогр. в конце докл. | ||
| 606 |
_aИнформационные технологии _jСъезды, совещания и т.п. _3RU\NLR\auth\66778624 _91740175 |
||
| 686 | _aЗ973.233я431(0) | ||
| 702 | 1 |
_aКошев _bА. Н. _gАлександр Николаевич _4340 |
|
| 712 | 0 | 2 |
_4570 _aАкадемия информатизации образования _cМосква _3RU\NLR\AUTH\8810029040 _9556646 |
| 801 | 0 |
_aRU _bNLR _c20081024 _gRCR |
|
| 801 | 1 |
_aRU _bNLR _c20081024 |
|
| 942 | _cBOOK | ||
| 980 | _aNB | ||